លក្ខណៈជីវសាស្រ្ដ និងការដាំដុះដើមរាំង (Record no. 3545)

000 -LEADER
fixed length control field 00496nam a22001577a 4500
003 - CONTROL NUMBER IDENTIFIER
control field OSt
005 - DATE AND TIME OF LATEST TRANSACTION
control field 20151117153052.0
008 - FIXED-LENGTH DATA ELEMENTS--GENERAL INFORMATION
fixed length control field 151117b xxu||||| |||| 00| 0 eng d
040 ## - CATALOGING SOURCE
Transcribing agency RUA
082 ## - DEWEY DECIMAL CLASSIFICATION NUMBER
Classification number FIS ធ 1993 B150 Or.1
100 ## - MAIN ENTRY--PERSONAL NAME
9 (RLIN) 3813
Personal name ធ សែនសេរីវឌ្ឃន៍
245 ## - TITLE STATEMENT
Title លក្ខណៈជីវសាស្រ្ដ និងការដាំដុះដើមរាំង
260 ## - PUBLICATION, DISTRIBUTION, ETC. (IMPRINT)
Place of publication, distribution, etc. Phnom Penh
Name of publisher, distributor, etc. RUA
Date of publication, distribution, etc. 1993
300 ## - PHYSICAL DESCRIPTION
Extent 66p.
Other physical details ill.
Dimensions 29cm.
942 ## - ADDED ENTRY ELEMENTS (KOHA)
Source of classification or shelving scheme
Koha item type FIS
Holdings
Price effective from Date last seen Permanent Location Not for loan Date acquired Source of classification or shelving scheme Koha item type Lost status Withdrawn status Date last checked out Total Checkouts Shelving location Damaged status Barcode Current Location Full call number
2015-11-172015-11-17Library Block B 2015-11-17 FIS    B150 RUA020490Library Block BFIS ធ 1993 B150 Or.1
2015-11-172016-10-16Library Block B 2015-11-17 FIS  2016-10-042B150 RUA020705Library Block BFIS ធ 1993 B150 Or.2
2015-11-172015-11-17Library Block B 2015-11-17 FIS    B150 RUA020648Library Block BFIS ធ 1993 B150 Or.3
2015-11-172015-11-17Library Block B 2015-11-17 FIS    B150 RUA020504Library Block BFIS ធ 1993 B150 Or.4
2015-11-172015-11-17Library Block B 2015-11-17 FIS    B150 RUA020430Library Block BFIS ធ 1993 B150 Or.5
2015-11-172015-11-17Library Block B 2015-11-17 FIS    B150 RUA020495Library Block BFIS ធ 1993 B150 Or.6
2015-11-172016-10-12Library Block B 2015-11-17 FIS  2016-09-131B150 RUA020423Library Block BFIS ធ 1993 B150 Or.7
2015-11-172015-11-17Library Block B 2015-11-17 FIS    B150 RUA020716Library Block BFIS ធ 1993 B150 Or.8
2015-11-172015-11-17Library Block B 2015-11-17 FIS    B150 RUA020697Library Block BFIS ធ 1993 B150 Or.9
2015-11-172015-11-17Library Block B 2015-11-17 FIS    B150 RUA020489Library Block BFIS ធ 1993 B150 Or.10
2015-11-172015-11-17Library Block B 2015-11-17 FIS    B150 RUA020635Library Block BFIS ធ 1993 B150 Or.11
2015-11-172015-11-17Library Block B 2015-11-17 FIS    B150 RUA020718Library Block BFIS ធ 1993 B150 Or.12
2015-11-172015-11-17Library Block B 2015-11-17 FIS    B150 RUA020419Library Block BFIS ធ 1993 B150 Or.13
2015-11-172015-11-17Library Block B 2015-11-17 FIS    B150 RUA020563Library Block BFIS ធ 1993 B150 Or.14
2015-11-172015-11-17Library Block B 2015-11-17 FIS    B150 RUA020647Library Block BFIS ធ 1993 B150 Or.15
មជ្ឈមណ្ឌលឯការនៃសាកលវិទ្យាល័យភូមិន្ទកសិកម្មចំការដូង

Powered by Koha